[Event "Rusia ch Superfinal"]
[Site "Moscú RUS"]
[Date "2006.12.08"]
[Round "5.6"]
[White "Khismatullin, Denis"]
[Black "Inarkiev, Ernesto"]
[Result "0-1"]
[WhiteElo "2583"]
[BlackElo "2628"]
[PlyCount "100"]
[EventDate "2006.12.03"]
[EventType "tourn"]
[EventRounds "11"]
[EventCountry "RUS"]
[EventCategory "15"]
[Source "lmi"]
[SourceDate "2006.12.03"]

1. d4 Nf6 2. c4 g6 3. Nc3 Bg7 4. e4 d6 5. f3 O-O 6. Be3 c5 7. d5 e6 8. Qd2 exd5
9. cxd5 a6 10. a4 Re8 11. a5 b5 12. axb6 Qxb6 13. Nge2 Nbd7 14. Na4 Qc7 15.
Nec3 Rb8 16. Be2 Ne5 17. O-O Rb4 18. Ra3 Bd7 19. Rfa1 Reb8 20. Nd1 Nc4 21. Bxc4
Rxc4 22. Nac3 Bc8 23. Na2 Nd7 24. Rb1 Bd4 25. Qe2 Ne5 26. h3 g5 27. b3 f5 28.
Nb2 Bxe3+ 29. Qxe3 f4 30. Qe1 Rd4 31. Nc4 Qe7 32. Nxe5 Qxe5 33. Qc3 h5 34. Qa5
Qe7 35. Nc3 Rdb4 36. Re1 g4 37. e5 dxe5 38. d6 Qxd6 39. Ne4 Qd4+ 40. Kh1 Bf5
41. Nf6+ Kh8 42. Qc7 R4b7 43. Qxe5 Qxe5 44. Rxe5 g3 45. Re1 Rxb3 46. Rxa6 c4
47. Raa1 c3 48. Rac1 c2 49. Nxh5 R3b4 50. Kg1 Bg6 0-1

[Event "Rusia ch Superfinal"]
[Site "Moscú RUS"]
[Date "2006.12.09"]
[Round "6.1"]
[White "Grigoriants, Sergey"]
[Black "Inarkiev, Ernesto"]
[Result "1/2-1/2"]
[WhiteElo "2582"]
[BlackElo "2628"]
[PlyCount "25"]
[EventDate "2006.12.03"]
[EventType "tourn"]
[EventRounds "11"]
[EventCountry "RUS"]
[EventCategory "15"]
[Source "lmi"]
[SourceDate "2006.12.03"]

1. e4 e5 2. Nf3 Nc6 3. Bb5 a6 4. Ba4 Nf6 5. O-O Be7 6. Re1 b5 7. Bb3 O-O 8. h3
Bb7 9. d3 d6 10. a3 Na5 11. Ba2 c5 12. Nbd2 Nc6 13. Nf1 1/2-1/2

[Event "Rusia ch Superfinal"]
[Site "Moscú RUS"]
[Date "2006.12.09"]
[Round "6.2"]
[White "Tomashevsky, Evgeny"]
[Black "Khismatullin, Denis"]
[Result "1/2-1/2"]
[WhiteElo "2595"]
[BlackElo "2583"]
[PlyCount "62"]
[EventDate "2006.12.03"]
[EventType "tourn"]
[EventRounds "11"]
[EventCountry "RUS"]
[EventCategory "15"]
[Source "lmi"]
[SourceDate "2006.12.03"]

1. Nf3 Nf6 2. c4 c5 3. Nc3 Nc6 4. g3 d5 5. cxd5 Nxd5 6. Bg2 Nc7 7. O-O e5 8.
Ne1 Bd6 9. Bxc6+ bxc6 10. Qa4 O-O 11. b3 Bh3 12. Ng2 Ne6 13. Ba3 Nd4 14. Rad1
Qe7 15. f3 f5 16. e3 Nb5 17. Nxb5 cxb5 18. Qxb5 f4 19. Rf2 Kh8 20. gxf4 exf4
21. e4 Rf6 22. d4 Rb8 23. Qa5 Bxg2 24. Rxg2 cxd4 25. Bxd6 Rxd6 26. Qg5 Qf7 27.
Qe5 Rbd8 28. Rd3 Re6 29. Qc5 Qd7 30. Qg5 Rf8 31. Qc5 Rd8 1/2-1/2

[Event "Rusia ch Superfinal"]
[Site "Moscú RUS"]
[Date "2006.12.09"]
[Round "6.3"]
[White "Alekseev, Evgeny"]
[Black "Svidler, Peter"]
[Result "1/2-1/2"]
[WhiteElo "2639"]
[BlackElo "2750"]
[PlyCount "57"]
[EventDate "2006.12.03"]
[EventType "tourn"]
[EventRounds "11"]
[EventCountry "RUS"]
[EventCategory "15"]
[Source "lmi"]
[SourceDate "2006.12.03"]

1. e4 e5 2. Nf3 Nc6 3. Bb5 a6 4. Ba4 Nf6 5. O-O Be7 6. Re1 b5 7. Bb3 O-O 8. c3
d5 9. exd5 Nxd5 10. Nxe5 Nxe5 11. Rxe5 c6 12. d3 Bd6 13. Re1 Bf5 14. Qf3 Qh4
15. g3 Qh3 16. Nd2 Rae8 17. Ne4 Bg4 18. Qg2 Qxg2+ 19. Kxg2 f5 20. Bf4 Bxf4 21.
gxf4 fxe4 22. dxe4 Bf3+ 23. Kxf3 Rxf4+ 24. Kg3 Rfxe4 25. Rxe4 Rxe4 26. f3 Re5
27. c4 bxc4 28. Bxc4 a5 29. Rd1 1/2-1/2

[Event "Rusia ch Superfinal"]
[Site "Moscú RUS"]
[Date "2006.12.09"]
[Round "6.4"]
[White "Nepomniachtchi, Ian"]
[Black "Jakovenko, Dmitrij"]
[Result "0-1"]
[WhiteElo "2545"]
[BlackElo "2671"]
[PlyCount "144"]
[EventDate "2006.12.03"]
[EventType "tourn"]
[EventRounds "11"]
[EventCountry "RUS"]
[EventCategory "15"]
[Source "lmi"]
[SourceDate "2006.12.03"]

1. e4 e5 2. Nf3 Nc6 3. Bb5 a6 4. Ba4 Nf6 5. Qe2 b5 6. Bb3 Be7 7. c3 O-O 8. d3
Re8 9. Bg5 d6 10. Nbd2 h6 11. Bh4 Na5 12. Bc2 c5 13. Nf1 Nh5 14. Bg3 Be6 15.
Ne3 Bf6 16. O-O g6 17. a3 Nc6 18. Qd1 Ne7 19. d4 Nxg3 20. hxg3 exd4 21. cxd4
Bg7 22. Qd2 d5 23. Rad1 Rc8 24. e5 Nc6 25. Rfe1 Qc7 26. dxc5 d4 27. Nf1 Nxe5
28. Nxe5 Qxc5 29. Rc1 Bxe5 30. Bxg6 Qd6 31. Rxc8 Bxc8 32. Bd3 Bd7 33. Re4 Bg7
34. Rf4 Bc6 35. Nh2 Qe6 36. Qc2 Qe1+ 37. Nf1 Bd5 38. Qc5 Qe6 39. Rf5 Bc4 40.
Rf3 Bxd3 41. Rxd3 Qc4 42. Qf5 Re1 43. f4 Qc2 44. g4 Re2 45. Rg3 Qxf5 46. gxf5
Kf8 47. Rd3 Rxb2 48. Nd2 Ke7 49. g4 Kd6 50. Kf2 Kd5 51. g5 hxg5 52. fxg5 f6 53.
g6 Ke5 54. Ke2 Kxf5 55. Kd1 Ra2 56. Kc1 b4 57. axb4 Kxg6 58. Nf3 f5 59. Kb1 Rf2
60. Kc1 f4 61. Kd1 Kf5 62. Ra3 Kg4 63. Ne1 f3 64. Nd3 Rf1+ 65. Kd2 Bh6+ 66. Kc2
f2 67. Rxa6 Rc1+ 68. Nxc1 Bxc1 69. Ra1 f1=Q 70. Rxc1 Qc4+ 71. Kd2 Qxb4+ 72. Kd3
Qa3+ 0-1

[Event "Rusia ch Superfinal"]
[Site "Moscú RUS"]
[Date "2006.12.09"]
[Round "6.5"]
[White "Khairullin, Ildar"]
[Black "Vitiugov, Nikita"]
[Result "1/2-1/2"]
[WhiteElo "2543"]
[BlackElo "2596"]
[PlyCount "22"]
[EventDate "2006.12.03"]
[EventType "tourn"]
[EventRounds "11"]
[EventCountry "RUS"]
[EventCategory "15"]
[Source "lmi"]
[SourceDate "2006.12.03"]

1. e4 c5 2. Nf3 e6 3. Nc3 Nc6 4. Bb5 Nd4 5. O-O a6 6. Bd3 Nxf3+ 7. Qxf3 Qc7 8.
Re1 Bd6 9. g3 Ne7 10. Bf1 Be5 11. Ne2 O-O 1/2-1/2

[Event "Rusia ch Superfinal"]
[Site "Moscú RUS"]
[Date "2006.12.09"]
[Round "6.6"]
[White "Najer, Evgeniy"]
[Black "Rublevsky, Sergei"]
[Result "1/2-1/2"]
[WhiteElo "2648"]
[BlackElo "2688"]
[PlyCount "53"]
[EventDate "2006.12.03"]
[EventType "tourn"]
[EventRounds "11"]
[EventCountry "RUS"]
[EventCategory "15"]
[Source "lmi"]
[SourceDate "2006.12.03"]

1. e4 c5 2. Nf3 e6 3. d4 cxd4 4. Nxd4 Nc6 5. Nc3 a6 6. f4 Nxd4 7. Qxd4 b5 8.
Be3 Bb7 9. Be2 Rc8 10. a3 Nf6 11. Bf3 Rc4 12. Qd3 Qc7 13. O-O Bc5 14. Bxc5
Qxc5+ 15. Kh1 O-O 16. e5 Bxf3 17. Qxf3 Nd5 18. Nxd5 Qxd5 19. c3 f6 20. Qxd5
exd5 21. Rad1 fxe5 22. Rxd5 exf4 23. Rxd7 Re4 24. Kg1 Re2 25. Rf2 Re1+ 26. Rf1
Re2 27. Rf2 1/2-1/2

[Event "Rusia ch Superfinal"]
[Site "Moscú RUS"]
[Date "2006.12.10"]
[Round "7.2"]
[White "Vitiugov, Nikita"]
[Black "Najer, Evgeniy"]
[Result "1/2-1/2"]
[WhiteElo "2596"]
[BlackElo "2648"]
[PlyCount "68"]
[EventDate "2006.12.03"]
[EventType "tourn"]
[EventRounds "11"]
[EventCountry "RUS"]
[EventCategory "15"]
[Source "lmi"]
[SourceDate "2006.12.03"]

1. d4 d5 2. c4 c6 3. Nc3 Nf6 4. Nf3 e6 5. Bg5 h6 6. Bxf6 Qxf6 7. e3 Nd7 8. Bd3
dxc4 9. Bxc4 g6 10. O-O Bg7 11. b4 O-O 12. Rc1 e5 13. Bb3 exd4 14. Nxd4 Nb6 15.
a4 Qe7 16. a5 Nd7 17. b5 Ne5 18. bxc6 Nxc6 19. Nd5 Qa3 20. Nxc6 bxc6 21. Rxc6
Rb8 22. Qc1 Bb2 23. Qc2 Bf5 24. e4 Bxe4 25. Qxe4 Qxb3 26. Rc7 Rfe8 27. Ne7+ Kg7
28. Qg4 Qd3 29. Nc6 Rb5 30. Rd7 Qf5 31. Qxf5 Rxf5 32. Rxa7 Re6 33. Rb7 Rxc6 34.
Rxb2 Rxa5 1/2-1/2

[Event "Rusia ch Superfinal"]
[Site "Moscú RUS"]
[Date "2006.12.10"]
[Round "7.3"]
[White "Jakovenko, Dmitrij"]
[Black "Khairullin, Ildar"]
[Result "0-1"]
[WhiteElo "2671"]
[BlackElo "2543"]
[PlyCount "80"]
[EventDate "2006.12.03"]
[EventType "tourn"]
[EventRounds "11"]
[EventCountry "RUS"]
[EventCategory "15"]
[Source "lmi"]
[SourceDate "2006.12.03"]

1. e4 c5 2. Nf3 d6 3. d4 cxd4 4. Nxd4 Nf6 5. Nc3 a6 6. Be3 e5 7. Nf3 Be7 8. Bc4
O-O 9. O-O Nc6 10. Re1 b5 11. Bb3 Rb8 12. Bg5 Nd7 13. Bxe7 Qxe7 14. Nd5 Qd8 15.
c3 Nc5 16. Bc2 a5 17. b4 axb4 18. cxb4 Ne6 19. Bb3 Ned4 20. Nxd4 Nxd4 21. Ne3
Be6 22. Bd5 Rc8 23. a4 bxa4 24. Qxa4 Qg5 25. Rf1 Rb8 26. Kh1 Qh4 27. Rae1 Rfc8
28. Rb1 h6 29. b5 Bd7 30. Qa7 Bxb5 31. Nf5 Nxf5 32. exf5 Qf6 33. Rb3 Ra8 34.
Qxf7+ Qxf7 35. Rxb5 Ra2 36. Bxf7+ Kxf7 37. Rd5 Rxf2 38. Kg1 Rxf1+ 39. Kxf1 Ke7
40. Ke2 Rc5 0-1

[Event "Rusia ch Superfinal"]
[Site "Moscú RUS"]
[Date "2006.12.10"]
[Round "7.4"]
[White "Svidler, Peter"]
[Black "Nepomniachtchi, Ian"]
[Result "1-0"]
[WhiteElo "2750"]
[BlackElo "2545"]
[PlyCount "145"]
[EventDate "2006.12.03"]
[EventType "tourn"]
[EventRounds "11"]
[EventCountry "RUS"]
[EventCategory "15"]
[Source "lmi"]
[SourceDate "2006.12.03"]

1. e4 e6 2. d4 d5 3. Nd2 Be7 4. e5 c5 5. Qg4 Kf8 6. dxc5 Nc6 7. Qg3 Nh6 8. Bd3
Bh4 9. Qf4 Bg5 10. Qg3 Bh4 11. Qf4 Bg5 12. Qa4 Nxe5 13. Ngf3 Nxd3+ 14. cxd3 Be7
15. b4 f6 16. O-O Nf5 17. Bb2 h5 18. Rac1 Bd7 19. Qb3 Rc8 20. Nd4 Nxd4 21. Bxd4
h4 22. h3 Qe8 23. f4 Qg6 24. Kh1 Rh5 25. Nf3 a6 26. Rce1 Bd8 27. Bg1 Kg8 28.
Nd4 Qf7 29. Qd1 g6 30. Bh2 Bc7 31. f5 exf5 32. Bxc7 Rxc7 33. Re3 Rh8 34. Rfe1
Bc8 35. Qf3 Kh7 36. b5 Qf8 37. b6 Rg7 38. Qxd5 Qd8 39. Qc4 g5 40. Ne6 Bxe6 41.
Rxe6 Rf8 42. Rd6 Qb8 43. Qd5 Kg6 44. Rf1 Qc8 45. Re6 f4 46. Qe4+ Kh6 47. d4 Rd7
48. Re1 Kg7 49. a3 Qd8 50. d5 Rdf7 51. d6 Qc8 52. Qd5 f3 53. gxf3 Qd7 54. Kg2
Qa4 55. Re7 Qf4 56. Kf1 Qh2 57. Qf5 Qh1+ 58. Kf2 Qh2+ 59. Kf1 Qh1+ 60. Ke2 Qh2+
61. Kd1 Qb2 62. R1e3 Qd4+ 63. Ke2 Qb2+ 64. Kf1 Qc1+ 65. Kg2 Qd2+ 66. Re2 Qd1
67. Qc2 Qd4 68. d7 g4 69. Qe4 gxf3+ 70. Qxf3 f5 71. Qxf5 Kh8 72. Qh5+ Kg7 73.
Rxf7+ 1-0

[Event "Rusia ch Superfinal"]
[Site "Moscú RUS"]
[Date "2006.12.10"]
[Round "7.5"]
[White "Khismatullin, Denis"]
[Black "Alekseev, Evgeny"]
[Result "0-1"]
[WhiteElo "2583"]
[BlackElo "2639"]
[PlyCount "78"]
[EventDate "2006.12.03"]
[EventType "tourn"]
[EventRounds "11"]
[EventCountry "RUS"]
[EventCategory "15"]
[Source "lmi"]
[SourceDate "2006.12.03"]

1. d4 Nf6 2. c4 e6 3. Nc3 Bb4 4. g3 c5 5. Nf3 cxd4 6. Nxd4 Qc7 7. Qb3 Bc5 8.
Bf4 d6 9. Ndb5 Qc6 10. O-O-O Qxh1 11. Bxd6 Na6 12. Bxc5 Nxc5 13. Nc7+ Ke7 14.
Qa3 b6 15. b4 Ncd7 16. b5+ Kd8 17. Bh3 Qxd1+ 18. Kxd1 Kxc7 19. Qe7 Rf8 20. e4
Ng8 21. Qg5 Bb7 22. Qxg7 Rad8 23. Kc2 Kb8 24. f3 Nc5 25. Bf1 f5 26. exf5 exf5
27. Nd5 Bxd5 28. cxd5 Nf6 29. Bc4 Nb7 30. Qh6 Nd6 31. Kb3 Rf7 32. Qh4 Nxc4 33.
Qxc4 Nxd5 34. Qd3 f4 35. gxf4 Rxf4 36. a3 Rf7 37. h4 Rdd7 38. h5 Nc7 39. Qe4
Nxb5 0-1

[Event "Rusia ch Superfinal"]
[Site "Moscú RUS"]
[Date "2006.12.10"]
[Round "7.6"]
[White "Inarkiev, Ernesto"]
[Black "Tomashevsky, Evgeny"]
[Result "0-1"]
[WhiteElo "2628"]
[BlackElo "2595"]
[PlyCount "126"]
[EventDate "2006.12.03"]
[EventType "tourn"]
[EventRounds "11"]
[EventCountry "RUS"]
[EventCategory "15"]
[Source "lmi"]
[SourceDate "2006.12.03"]

1. d4 Nf6 2. c4 e6 3. Nf3 b6 4. g3 Ba6 5. Qc2 b5 6. cxb5 Bxb5 7. Bg2 Bb4+ 8.
Nc3 O-O 9. O-O Bc6 10. Re1 Bxc3 11. Qxc3 Qc8 12. Bh3 d6 13. Nd2 Qb7 14. Nc4 Bd5
15. f3 Bxc4 16. Qxc4 Nbd7 17. b4 a5 18. b5 a4 19. Bd2 Nb6 20. Qd3 d5 21. Rab1
Nc4 22. Rec1 Ne8 23. Bb4 Ned6 24. e4 Rfd8 25. e5 Nxb5 26. f4 c6 27. Bc5 Rdb8
28. f5 Qd7 29. Rf1 Nc7 30. f6 Na6 31. Be7 Rxb1 32. Rxb1 Qa7 33. Kh1 Re8 34. Qc3
h6 35. Bf1 Nc7 36. Bc5 Qa8 37. fxg7 Rb8 38. Bd3 Kxg7 39. Bc2 Rxb1+ 40. Bxb1 Qg8
41. Qf3 Qd8 42. Qd3 Qg8 43. Be7 Ne8 44. Qf3 Kh8 45. Qf4 Qg7 46. Bc2 a3 47. Bd8
Kg8 48. h4 Qf8 49. Kh2 c5 50. Kh3 cxd4 51. Qxd4 h5 52. Ba4 Ng7 53. Bf6 Qb4 54.
Bd1 Qe1 55. Bxh5 Nxh5 56. Qg4+ Kf8 57. Qxh5 Qh1+ 58. Kg4 Qd1+ 59. Kg5 Qd2+ 60.
Kg4 Ne3+ 61. Kf4 Nf5+ 62. Kg4 Qe2+ 63. Kg5 Qe3+ 0-1

[Event "Rusia ch Superfinal"]
[Site "Moscú RUS"]
[Date "2006.12.11"]
[Round "8.1"]
[White "Grigoriants, Sergey"]
[Black "Tomashevsky, Evgeny"]
[Result "0-1"]
[WhiteElo "2582"]
[BlackElo "2595"]
[PlyCount "102"]
[EventDate "2006.12.03"]
[EventType "tourn"]
[EventRounds "11"]
[EventCountry "RUS"]
[EventCategory "15"]
[Source "lmi"]
[SourceDate "2006.12.03"]

1. e4 e5 2. Nf3 Nc6 3. Bb5 a6 4. Ba4 Nf6 5. O-O b5 6. Bb3 Bb7 7. d3 Be7 8. Nbd2
O-O 9. Re1 Re8 10. Nf1 Bf8 11. Bd2 h6 12. Ng3 d6 13. a4 Qd7 14. Ba2 Rad8 15.
Nh4 d5 16. exd5 Nxd5 17. Ne4 Nf4 18. axb5 axb5 19. Nf3 Nb4 20. Bb3 Nbd5 21. Ra7
Bc6 22. g3 Nh3+ 23. Kg2 Kh8 24. Ra6 f5 25. Nc3 Nxc3 26. bxc3 Bb7 27. Kxh3 Bxa6
28. Nxe5 Rxe5 29. Rxe5 Bb7 30. f3 Bd6 31. Be6 Qe7 32. Re1 Qf6 33. Kg2 f4 34. g4
g6 35. c4 bxc4 36. Bxc4 h5 37. gxh5 Qg5+ 38. Kh1 Qxh5 39. Rf1 Re8 40. d4 Kh7
41. Bd3 c5 42. dxc5 Bxc5 43. Be2 Qe5 44. Bd3 Qd5 45. Kg2 Qg5+ 46. Kh1 Qg4 47.
Ba6 Ba8 48. Bd3 Re5 49. Bxg6+ Kxg6 50. Bc3 Rg5 51. Qd3+ Kh6 0-1

[Event "Rusia ch Superfinal"]
[Site "Moscú RUS"]
[Date "2006.12.11"]
[Round "8.2"]
[White "Alekseev, Evgeny"]
[Black "Inarkiev, Ernesto"]
[Result "1/2-1/2"]
[WhiteElo "2639"]
[BlackElo "2628"]
[PlyCount "22"]
[EventDate "2006.12.03"]
[EventType "tourn"]
[EventRounds "11"]
[EventCountry "RUS"]
[EventCategory "15"]
[Source "lmi"]
[SourceDate "2006.12.03"]

1. e4 e5 2. Nf3 Nc6 3. Bc4 Nf6 4. d3 Bc5 5. c3 a6 6. Bb3 O-O 7. O-O Ba7 8. Be3
d5 9. exd5 Nxd5 10. Bxa7 Rxa7 11. d4 e4 1/2-1/2

[Event "Rusia ch Superfinal"]
[Site "Moscú RUS"]
[Date "2006.12.11"]
[Round "8.3"]
[White "Nepomniachtchi, Ian"]
[Black "Khismatullin, Denis"]
[Result "1-0"]
[WhiteElo "2545"]
[BlackElo "2583"]
[PlyCount "113"]
[EventDate "2006.12.03"]
[EventType "tourn"]
[EventRounds "11"]
[EventCountry "RUS"]
[EventCategory "15"]
[Source "lmi"]
[SourceDate "2006.12.03"]

1. e4 c5 2. Nc3 d6 3. f4 Nc6 4. Nf3 g6 5. Bc4 Bg7 6. O-O e6 7. f5 Nf6 8. d3 O-O
9. fxg6 fxg6 10. e5 dxe5 11. Bg5 h6 12. Bxf6 Rxf6 13. Ne4 Rf8 14. a3 Qe7 15. c3
a6 16. Qe1 a5 17. Qg3 Kh7 18. Nfg5+ hxg5 19. Rxf8 Bxf8 20. Nxg5+ Kg8 21. Rf1
Bh6 22. Ne4 Kg7 23. Rf6 Qxf6 24. Nxf6 Kxf6 25. Qf2+ Kg7 26. Qxc5 Bd7 27. Kf2
Rf8+ 28. Ke1 Rf7 29. b4 axb4 30. axb4 Bg5 31. b5 Be7 32. Qb6 Nd8 33. Ke2 Bf6
34. g3 g5 35. Bb3 Be8 36. g4 Rd7 37. Bc4 Bg6 38. Qc5 Re7 39. Qc8 Re8 40. Qc7+
Bf7 41. Kf2 Rh8 42. Kg2 Kh6 43. Qd6 Bg6 44. b6 Be8 45. Bd5 Bg6 46. Bf3 Rg8 47.
c4 Be8 48. c5 Kh7 49. Kh3 Kh8 50. Be4 Bc6 51. Bxc6 bxc6 52. Kg2 Kh7 53. b7 Nxb7
54. Qxe6 Bd8 55. Qxc6 Rg7 56. Qe4+ Kg8 57. Qd5+ 1-0

[Event "Rusia ch Superfinal"]
[Site "Moscú RUS"]
[Date "2006.12.11"]
[Round "8.4"]
[White "Khairullin, Ildar"]
[Black "Svidler, Peter"]
[Result "1/2-1/2"]
[WhiteElo "2543"]
[BlackElo "2750"]
[PlyCount "40"]
[EventDate "2006.12.03"]
[EventType "tourn"]
[EventRounds "11"]
[EventCountry "RUS"]
[EventCategory "15"]
[Source "lmi"]
[SourceDate "2006.12.03"]

1. e4 c5 2. Nf3 e6 3. d4 cxd4 4. Nxd4 Nc6 5. Nc3 a6 6. Nxc6 bxc6 7. Bd3 d5 8.
O-O Nf6 9. Re1 Be7 10. e5 Nd7 11. Qg4 g6 12. Na4 Qa5 13. Bh6 c5 14. b3 c4 15.
Bf1 Bb7 16. Re3 Bc6 17. Qf4 Qc7 18. Nb2 Bc5 19. Re2 Rb8 20. Nd1 Qa5 1/2-1/2

[Event "Rusia ch Superfinal"]
[Site "Moscú RUS"]
[Date "2006.12.11"]
[Round "8.5"]
[White "Najer, Evgeniy"]
[Black "Jakovenko, Dmitrij"]
[Result "0-1"]
[WhiteElo "2648"]
[BlackElo "2671"]
[PlyCount "100"]
[EventDate "2006.12.03"]
[EventType "tourn"]
[EventRounds "11"]
[EventCountry "RUS"]
[EventCategory "15"]
[Source "lmi"]
[SourceDate "2006.12.03"]

1. d4 Nf6 2. c4 e6 3. Nc3 Bb4 4. g3 c5 5. Nf3 cxd4 6. Nxd4 O-O 7. Bg2 d5 8.
cxd5 Nxd5 9. Qb3 Qa5 10. Bd2 Nc6 11. Nxc6 bxc6 12. O-O Bxc3 13. bxc3 Ba6 14.
Rfd1 Qc5 15. e4 Bc4 16. Qa4 Nb6 17. Qb4 Qh5 18. Bf4 e5 19. Be3 Be2 20. Re1 Nc4
21. Qc5 Rfd8 22. Rab1 h6 23. h3 Nxe3 24. Qxe3 Bc4 25. a4 a5 26. Qc5 Be6 27. h4
Rd2 28. Qxc6 Rc8 29. Qb5 Rxc3 30. Qxa5 Rcc2 31. Qa7 Ra2 32. Ra1 Qe2 33. Rxe2
Rxa1+ 34. Kh2 Rxe2 35. a5 Kh7 36. Bh3 Raa2 37. Bxe6 Rxf2+ 38. Kh3 fxe6 39. Kg4
Rae2 40. a6 Rxe4+ 41. Kh3 Ree2 42. h5 Rf5 43. Qb8 Rxh5+ 44. Kg4 Re4+ 45. Kf3
Ra4 46. Qb6 e4+ 47. Ke3 Rha5 48. Qxe6 Rxa6 49. Qf5+ Rg6 50. g4 Ra3+ 0-1

[Event "Rusia ch Superfinal"]
[Site "Moscú RUS"]
[Date "2006.12.11"]
[Round "8.6"]
[White "Rublevsky, Sergei"]
[Black "Vitiugov, Nikita"]
[Result "1/2-1/2"]
[WhiteElo "2688"]
[BlackElo "2596"]
[PlyCount "66"]
[EventDate "2006.12.03"]
[EventType "tourn"]
[EventRounds "11"]
[EventCountry "RUS"]
[EventCategory "15"]
[Source "lmi"]
[SourceDate "2006.12.03"]

1. e4 e6 2. d4 d5 3. Nd2 c5 4. Ngf3 cxd4 5. exd5 Qxd5 6. Bc4 Qd6 7. O-O Nf6 8.
Nb3 Nc6 9. Nbxd4 Nxd4 10. Nxd4 a6 11. Bb3 Bd7 12. c3 Qc7 13. Bg5 O-O-O 14. Bxf6
gxf6 15. Qh5 Be8 16. Rad1 Kb8 17. Rfe1 Rc8 18. Qh4 Be7 19. g3 h5 20. Qf4 Qxf4
21. gxf4 Rg8+ 22. Kf1 f5 23. Re3 Bc5 24. Ke2 Rg4 25. Kf3 Bb6 26. h3 Rg8 27.
Ree1 h4 28. Rg1 Bxd4 29. cxd4 Bc6+ 30. Ke3 a5 31. Rg5 a4 32. Bc4 Be4 33. Bd3
Bxd3 1/2-1/2

[Event "Rusia ch Superfinal"]
[Site "Moscú RUS"]
[Date "2006.12.13"]
[Round "9.1"]
[White "Vitiugov, Nikita"]
[Black "Grigoriants, Sergey"]
[Result "1/2-1/2"]
[WhiteElo "2596"]
[BlackElo "2582"]
[PlyCount "94"]
[EventDate "2006.12.03"]
[EventType "tourn"]
[EventRounds "11"]
[EventCountry "RUS"]
[EventCategory "15"]
[Source "lmi"]
[SourceDate "2006.12.03"]

1. d4 Nf6 2. c4 e6 3. Nc3 Bb4 4. e3 O-O 5. Bd3 c5 6. Nge2 d5 7. cxd5 cxd4 8.
exd4 Nxd5 9. O-O Nc6 10. a3 Be7 11. Bc2 Re8 12. Qd3 g6 13. Qf3 Nxc3 14. bxc3
Bd7 15. Rd1 Na5 16. Nf4 Bd6 17. Nh5 f5 18. Bf4 Bxf4 19. Nxf4 Rc8 20. Qg3 Qc7
21. Rd3 Bb5 22. Rf3 Nc4 23. Bb3 Nd2 24. Bxe6+ Rxe6 25. Nxe6 Nxf3+ 26. Qxf3 Qxc3
27. Qd1 Ba4 28. Qe1 Qxe1+ 29. Rxe1 Rc2 30. h4 Rd2 31. Re5 b6 32. h5 Bb3 33. h6
Bxe6 34. Rxe6 Rd1+ 35. Kh2 Rxd4 36. Re7 Rh4+ 37. Kg3 Rxh6 38. Rxa7 g5 39. a4
Re6 40. a5 bxa5 41. Rxa5 Rf6 42. f4 h6 43. fxg5 hxg5 44. Kf3 Kg7 45. g4 Kg6 46.
gxf5+ Rxf5+ 47. Rxf5 Kxf5 1/2-1/2

[Event "Rusia ch Superfinal"]
[Site "Moscú RUS"]
[Date "2006.12.13"]
[Round "9.3"]
[White "Svidler, Peter"]
[Black "Najer, Evgeniy"]
[Result "1/2-1/2"]
[WhiteElo "2750"]
[BlackElo "2648"]
[PlyCount "70"]
[EventDate "2006.12.03"]
[EventType "tourn"]
[EventRounds "11"]
[EventCountry "RUS"]
[EventCategory "15"]
[Source "lmi"]
[SourceDate "2006.12.03"]

1. e4 c5 2. Nf3 d6 3. d4 cxd4 4. Nxd4 Nf6 5. Nc3 a6 6. Be3 e5 7. Nb3 Be7 8. f3
Be6 9. Qd2 O-O 10. O-O-O a5 11. Bb5 Na6 12. Kb1 Nc7 13. Bb6 Qb8 14. Ba4 d5 15.
Bxc7 Qxc7 16. exd5 Rfd8 17. dxe6 Rxd2 18. exf7+ Kxf7 19. Nxd2 Rd8 20. a3 Kg6
21. Bb5 Bxa3 22. Bd3+ Rxd3 23. cxd3 Bb4 24. Nde4 Qd7 25. Rhf1 Bxc3 26. Nxc3 b5
27. Rfe1 b4 28. Ne4 Qd4 29. Ng3 a4 30. Ne2 Qd6 31. d4 a3 32. g3 Kh6 33. dxe5
Qxe5 34. Nd4 Qa5 35. Re3 axb2 1/2-1/2

[Event "Rusia ch Superfinal"]
[Site "Moscú RUS"]
[Date "2006.12.13"]
[Round "9.4"]
[White "Khismatullin, Denis"]
[Black "Khairullin, Ildar"]
[Result "1-0"]
[WhiteElo "2583"]
[BlackElo "2543"]
[PlyCount "112"]
[EventDate "2006.12.03"]
[EventType "tourn"]
[EventRounds "11"]
[EventCountry "RUS"]
[EventCategory "15"]
[Source "lmi"]
[SourceDate "2006.12.03"]

1. c4 e5 2. Nc3 Nf6 3. g3 c6 4. Nf3 e4 5. Nd4 d5 6. cxd5 cxd5 7. Bg2 Nc6 8.
Nxc6 bxc6 9. d3 exd3 10. Qxd3 Be7 11. O-O O-O 12. Be3 Re8 13. Rac1 a5 14. Qc2
Ba6 15. Rfd1 Bb4 16. Bd4 Bxc3 17. Qxc3 Bxe2 18. Re1 Bb5 19. Rxe8+ Nxe8 20. Re1
Qd7 21. h4 f6 22. Kh2 Nd6 23. Bh3 f5 24. Re5 a4 25. Qe1 Re8 26. Qe3 Rxe5 27.
Qxe5 Bd3 28. Bc5 Ne8 29. Qe3 Bc2 30. Qc3 Bd1 31. Qd4 Bc2 32. Qd2 Bb1 33. a3 Qe6
34. Qd1 Qe4 35. Bg2 Qc4 36. Bb4 Be4 37. f3 c5 38. Qxa4 Kf8 39. fxe4 cxb4 40.
exd5 f4 41. Qxb4+ Qxb4 42. axb4 fxg3+ 43. Kxg3 Nd6 44. Kf4 Ke7 45. Bf1 Nf7 46.
b5 Kd6 47. b6 g6 48. Bd3 Ne5 49. b7 Nxd3+ 50. Ke3 Kc7 51. Kxd3 Kxb7 52. b4 Kb6
53. Ke4 h6 54. Ke5 g5 55. hxg5 hxg5 56. d6 g4 1-0

[Event "Rusia ch Superfinal"]
[Site "Moscú RUS"]
[Date "2006.12.14"]
[Round "10.2"]
[White "Nepomniachtchi, Ian"]
[Black "Tomashevsky, Evgeny"]
[Result "1/2-1/2"]
[WhiteElo "2545"]
[BlackElo "2595"]
[PlyCount "135"]
[EventDate "2006.12.03"]
[EventType "tourn"]
[EventRounds "11"]
[EventCountry "RUS"]
[EventCategory "15"]
[Source "lmi"]
[SourceDate "2006.12.03"]

1. e4 e5 2. d4 exd4 3. Qxd4 Nc6 4. Qe3 g6 5. Nc3 Bg7 6. Bd2 d6 7. O-O-O Nf6 8.
h4 Be6 9. Nh3 Qe7 10. Nf4 h5 11. Bb5 O-O 12. f3 Ne5 13. g4 hxg4 14. fxg4 Nexg4
15. Qg1 Nh5 16. Nxe6 Qxe6 17. Be2 Ngf6 18. Rf1 Qe5 19. Rh3 Rae8 20. Bxh5 Nxh5
21. Rd3 c6 22. Qxa7 b5 23. Qb7 Qc5 24. Rdf3 Qc4 25. b3 Qd4 26. a3 Qc5 27. Kd1
f5 28. exf5 Rf7 29. Qa6 Rxf5 30. Rxf5 gxf5 31. Qa5 Ng3 32. Re1 Rxe1+ 33. Bxe1
Qd4+ 34. Bd2 Qg1+ 35. Be1 Qd4+ 36. Bd2 Nf1 37. Qd8+ Kh7 38. Qg5 Nxd2 39. Qxf5+
Kg8 40. Qe6+ Kf8 41. Ne2 Qxh4 42. Qxd6+ Kf7 43. Qd7+ Kf8 44. Qf5+ Ke7 45. Kxd2
Qh6+ 46. Nf4 Qh2+ 47. Kd3 Qg3+ 48. Ke2 Qh2+ 49. Kf3 Qh1+ 50. Kg4 Qg1+ 51. Kh5
Qh2+ 52. Nh3 Bb2 53. a4 bxa4 54. bxa4 Qe2+ 55. Kg6 Qe6+ 56. Qxe6+ Kxe6 57. Nf4+
Kd6 58. Kf5 Bc3 59. Ne2 Ba5 60. Nc1 Kc5 61. Na2 Be1 62. Nc1 Ba5 63. Nd3+ Kc4
64. Ne5+ Kc3 65. Nxc6 Bb6 66. Ke4 Kxc2 67. a5 Bxa5 68. Nxa5 1/2-1/2